[Event "GER-ch 80th"]
[Site "Saarbruecken"]
[Date "2009.02.07"]
[Round "2"]
[White "Mehlhorn, Uwe"]
[Black "Bastian, Herbert"]
[Result "0-1"]
[WhiteElo "2151"]
[BlackElo "2361"]
[EventDate "2009.02.06"]
[PlyCount "92"]

1. Nc3 c5 2. e4 Nc6 3. f4 e6 4. Nf3 a6 5. d3 d5 6. Be2 Nf6 7. e5 Nd7 8. O-O Be7 9. Qe1 O-O 10. Qg3 f6 11. Qh3 f5 12. Bd2 b5 13. Rae1 d4 14. Nd1 Nb6 15. Kh1 Nb4 16. Bxb4 cxb4 17. Ng1 Nd5 18. Rf2 Bb7 19. Nf3 Nxf4 20. Qg3 Nxe2 21. Rexe2 Kh8 22. Qf4 Bc5 23. h4 Rc8 24. Kh2 Bc6 25. Rf1 Rc7 26. Ng5 Qd5 27. Ne4 Rcc8 28. Ng3 Qxa2 29. b3 Qa5 30. Nf2 Qc7 31. Nh3 h6 32. Qf2 Be8 33. Nf4 Qe7 34. h5 Kh7 35. Qf3 a5 36. Ra1 Bb6 37. Rg1 Bc6 38. Qf2 Qh4+ 39. Nh3 f4 40. Ne4 Qxh5 41. g4 fxg3+ 42. Qxg3 Qxe2+ 43. Rg2 Qxg2+ 44. Qxg2 Bd5 45. Nhg5+ hxg5 46. Nxg5+ Kg8 0-1

[Event "GER-ch 80th"]
[Site "Saarbruecken"]
[Date "2009.02.07"]
[Round "2"]
[White "Meier, Georg"]
[Black "Hirneise, Tobias"]
[Result "1-0"]
[WhiteElo "2608"]
[BlackElo "2426"]
[EventDate "2009.02.06"]
[PlyCount "89"]

1. e4 c5 2. Nf3 Nc6 3. Bb5 g6 4. Bxc6 dxc6 5. d3 Bg7 6. h3 Nf6 7. Nc3 O-O 8. O-O b6 9. Bf4 Ne8 10. Qd2 Nc7 11. Bh6 Ne6 12. Bxg7 Kxg7 13. Ne2 Qd6 14. Nh2 Nd4 15. Nxd4 Qxd4 16. c3 Qd6 17. f4 Ba6 18. Rf3 f6 19. f5 gxf5 20. exf5 c4 21. d4 c5 22. Rd1 cxd4 23. Qxd4 Qxd4+ 24. Rxd4 Rad8 25. Re3 Kf7 26. Rh4 Rd1+ 27. Kf2 Rh8 28. Nf3 Bc8 29. Rxc4 Bxf5 30. Nd4 Bd7 31. Rc7 Rd8 32. Rxa7 Kf8 33. Ne6+ Bxe6 34. Rxe6 R8d2+ 35. Re2 Rxe2+ 36. Kxe2 Rg1 37. Kf3 Rf1+ 38. Ke3 Rg1 39. Rb7 Rxg2 40. Rxb6 Rg3+ 41. Kf2 Rxh3 42. a4 Rh1 43. a5 Ke8 44. a6 Kd7 45. b4 1-0

[Event "GER-ch 80th"]
[Site "Saarbruecken"]
[Date "2009.02.07"]
[Round "2"]
[White "Mueller, Hans Georg"]
[Black "Beikert, Guenther"]
[Result "0-1"]
[WhiteElo "2250"]
[BlackElo "2470"]
[EventDate "2009.02.06"]
[PlyCount "136"]

1. e4 c5 2. Nf3 Nc6 3. Bb5 d6 4. O-O Bd7 5. Re1 a6 6. Bxc6 Bxc6 7. d4 cxd4 8. Nxd4 e6 9. Nxc6 bxc6 10. c4 Nf6 11. Nc3 Be7 12. Qa4 Qc7 13. h3 O-O 14. Bf4 Nd7 15. Rad1 Rfb8 16. Re2 Nc5 17. Qc2 e5 18. Be3 Ne6 19. Red2 Rb7 20. Rd3 Re8 21. g3 Qb8 22. b3 Qc8 23. Kg2 Bf8 24. R1d2 Qb8 25. Qd1 Be7 26. Qg4 g6 27. f4 exf4 28. gxf4 Bf6 29. e5 dxe5 30. Ne4 Be7 31. f5 Nd4 32. Bxd4 exd4 33. Rxd4 Qe5 34. Nd6 Bxd6 35. Rxd6 Rbe7 36. Rd8 Rxd8 37. Rxd8+ Kg7 38. Rd2 Qxf5 39. Qxf5 gxf5 40. Kf3 Kf6 41. b4 Rb7 42. Kf4 Rxb4 43. Rd6+ Ke7 44. Rxc6 Ra4 45. Kxf5 Rxa2 46. Ke5 Re2+ 47. Kd5 Rd2+ 48. Kc5 a5 49. Ra6 f5 50. Rxa5 Kf6 51. Ra6+ Kg5 52. h4+ Kg4 53. Rh6 Rd7 54. Rf6 f4 55. h5 f3 56. h6 Kg3 57. Kb6 f2 58. c5 Rd1 59. c6 f1=Q 60. Rxf1 Rxf1 61. c7 Rc1 62. Kb7 Kg4 63. c8=Q+ Rxc8 64. Kxc8 Kg5 65. Kd7 Kxh6 66. Ke6 Kg5 67. Ke5 h5 68. Ke4 Kg4 0-1

[Event "GER-ch 80th"]
[Site "Saarbruecken"]
[Date "2009.02.07"]
[Round "2"]
[White "Oberhofer, Andre"]
[Black "Deglmann, Ludwig"]
[Result "1/2-1/2"]
[WhiteElo "2202"]
[BlackElo "2325"]
[EventDate "2009.02.06"]
[PlyCount "99"]

1. e4 g6 2. d4 Bg7 3. Nc3 d6 4. Nf3 a6 5. Bc4 e6 6. Bg5 Ne7 7. Qe2 h6 8. Be3 b6 9. a4 Nd7 10. h3 Bb7 11. Qd2 Kf8 12. O-O Kg8 13. Nh2 d5 14. Bd3 c5 15. exd5 cxd4 16. Bxd4 Bxd4 17. dxe6 fxe6 18. Bc4 Ne5 19. Bxe6+ Kh7 20. Rad1 N7c6 21. Nd5 Qd6 22. c3 Qxe6 23. Nc7 Qf7 24. Nxa8 Nc4 25. Qc1 Be5 26. f4 Bd6 27. Rxd6 Nxd6 28. Nxb6 Nf5 29. Rd1 Rd8 30. Ng4 h5 31. Rxd8 Nxd8 32. Ne5 Qc7 33. Nbd7 Qd6 34. b4 Kg7 35. Nc5 Ba8 36. Qe1 a5 37. Kh2 axb4 38. cxb4 Qd4 39. Ned3 Qd5 40. Qe5+ Qxe5 41. Nxe5 Nd4 42. b5 N8e6 43. Nxe6+ Nxe6 44. Nd7 Kf7 45. a5 Ke7 46. Ne5 Nxf4 47. g3 Nd5 48. Nxg6+ Kd6 49. Nf4 Nf6 50. g4 1/2-1/2

[Event "GER-ch 80th"]
[Site "Saarbruecken"]
[Date "2009.02.07"]
[Round "2"]
[White "Siebrecht, Sebastian"]
[Black "Zierke, Oliver"]
[Result "1-0"]
[WhiteElo "2440"]
[BlackElo "2300"]
[EventDate "2009.02.06"]
[PlyCount "71"]

1. d4 d5 2. c4 e6 3. Nf3 c5 4. e3 Nf6 5. Nc3 Nc6 6. dxc5 Bxc5 7. a3 a5 8. Be2 O-O 9. O-O dxc4 10. Bxc4 Qe7 11. e4 Ng4 12. Bg5 Bxf2+ 13. Rxf2 Nxf2 14. Bxe7 Nxd1 15. Bxf8 Nxc3 16. Bxg7 Kxg7 17. bxc3 a4 18. Bb5 Ra5 19. Rb1 Na7 20. Be2 Rc5 21. c4 Rc7 22. Kf2 Nc6 23. Ke3 f6 24. Nd4 Ne5 25. Rb4 Bd7 26. Rxa4 Bxa4 27. Nxe6+ Kf7 28. Nxc7 Bc6 29. Kd4 h6 30. c5 Kg6 31. Ne6 Nf7 32. Bg4 h5 33. Nf4+ Kg5 34. Bxh5 Kxf4 35. Bxf7 Bxe4 36. Bd5 1-0

[Event "GER-ch 80th"]
[Site "Saarbruecken"]
[Date "2009.02.07"]
[Round "2"]
[White "Sternheimer, Erhard"]
[Black "Heinig, Wolfram"]
[Result "0-1"]
[WhiteElo "2224"]
[BlackElo "2328"]
[EventDate "2009.02.06"]
[PlyCount "226"]

1. d4 Nf6 2. c4 d6 3. Nf3 g6 4. Nc3 Bg7 5. e3 O-O 6. Be2 Nbd7 7. O-O e5 8. b4 Re8 9. Bb2 e4 10. Nd2 Nf8 11. Qc2 Bf5 12. a4 h5 13. a5 N8h7 14. a6 b6 15. Nd5 c6 16. Nxf6+ Nxf6 17. b5 c5 18. dxc5 dxc5 19. Rad1 Qe7 20. Nb1 Rad8 21. Rxd8 Rxd8 22. Nc3 Rd6 23. Rd1 Qd8 24. Rxd6 Qxd6 25. h3 h4 26. Qd1 Qxd1+ 27. Nxd1 Be6 28. Kf1 Nd7 29. Bxg7 Kxg7 30. Nc3 f5 31. Na4 Kf6 32. Ke1 Ke5 33. Kd2 g5 34. Kc3 g4 35. Kd2 gxh3 36. gxh3 f4 37. Bf1 f3 38. Nc3 Nf6 39. Na4 Bc8 40. Nc3 Kd6 41. Ke1 Be6 42. Kd2 Ke5 43. Na4 Ne8 44. Kc3 Bc8 45. Kc2 Nd6 46. Kd2 Nf5 47. Ke1 Ng7 48. Nc3 Be6 49. Na4 Ne8 50. Kd2 Nc7 51. Nc3 Bd7 52. Ke1 Bc8 53. Kd2 Be6 54. Kc2 Ne8 55. Kd2 Nd6 56. Na4 Nxc4+ 57. Kc3 Nd6 58. Nb2 Kf6 59. Na4 Bd7 60. Nxb6 Nxb5+ 61. Bxb5 Bxb5 62. Nd5+ Ke5 63. Ne7 Bxa6 64. Ng6+ Kf6 65. Nf4 Bf1 66. Kb3 Bb5 67. Nd5+ Ke5 68. Nf4 Kd6 69. Ng6 Bf1 70. Nxh4 Bxh3 71. Ng6 Kc6 72. Kc3 Bf1 73. Ne7+ Kb5 74. Nf5 Bd3 75. Nd6+ Kc6 76. Nf7 Kd5 77. Ng5 Bf1 78. Nh7 Ke6 79. Ng5+ Kf5 80. Nf7 Kg4 81. Nd6 Bd3 82. Nb7 Kh3 83. Nxc5 Kg2 84. Nxd3 exd3 85. e4 Kxf2 86. e5 Ke2 87. e6 d2 88. e7 d1=Q 89. e8=Q+ Kf1 90. Qb5+ Qe2 91. Qh5 Qe3+ 92. Kc2 Ke2 93. Qh2+ f2 94. Qh5+ Ke1 95. Qh4 Qe2+ 96. Kc3 Qd2+ 97. Kb3 Qe3+ 98. Kc2 Qc5+ 99. Kd3 Qf5+ 100. Kc3 Ke2 101. Qe7+ Kf3 102. Qb7+ Kg3 103. Qb8+ Qf4 104. Qg8+ Kf3 105. Qd5+ Qe4 106. Qh5+ Ke3 107. Qg5+ Ke2 108. Qd2+ Kf3 109. Qd1+ Qe2 110. Qd5+ Qe4 111. Qh5+ Ke3 112. Qc5+ Ke2 113. Qb5+ Ke1 0-1

[Event "GER-ch 80th"]
[Site "Saarbruecken"]
[Date "2009.02.07"]
[Round "2"]
[White "Vatter, Hans Joachim"]
[Black "Stahr, Ralf Peter"]
[Result "1-0"]
[WhiteElo "2322"]
[BlackElo "2158"]
[EventDate "2009.02.06"]
[PlyCount "125"]

1. e4 c5 2. Nf3 Nc6 3. Bb5 Nf6 4. Bxc6 bxc6 5. Qe2 d5 6. d3 e6 7. O-O Rb8 8. b3 Ba6 9. Nbd2 Be7 10. Re1 O-O 11. Bb2 Nd7 12. h3 Bf6 13. Bxf6 Qxf6 14. e5 Qg6 15. c4 Rbe8 16. Qe3 f6 17. Rad1 Bc8 18. Nf1 fxe5 19. Nxe5 Nxe5 20. Qxe5 Qf6 21. Rd2 Qxe5 22. Rxe5 Rf5 23. Rde2 Rxe5 24. Rxe5 Kf7 25. f4 Bd7 26. Nd2 Ke7 27. Kf2 Rf8 28. g3 Be8 29. Ke3 Kd6 30. Rg5 Rg8 31. Nf3 h6 32. Re5 d4+ 33. Kd2 Bg6 34. b4 cxb4 35. Nxd4 Re8 36. Ra5 Re7 37. Nf3 Bf5 38. g4 Bg6 39. Ke3 Be8 40. Kd4 Rb7 41. c5+ Ke7 42. Kc4 Kf6 43. d4 Bg6 44. Nd2 Bc2 45. Ra6 Rc7 46. Kxb4 g5 47. fxg5+ Kxg5 48. Ra3 Rb7+ 49. Kc4 Bd1 50. Nf3+ Kf4 51. Ne5 Be2+ 52. Kc3 Rc7 53. Kd2 Bb5 54. Rf3+ Ke4 55. Kc3 Rd7 56. Rf6 Rxd4 57. Rxe6 Rd1 58. Nxc6+ Kf4 59. Nxa7 Bf1 60. Rxh6 Rd3+ 61. Kb4 Rd4+ 62. Ka5 Rc4 63. Rf6+ 1-0

[Event "GER-ch 80th"]
[Site "Saarbruecken"]
[Date "2009.02.07"]
[Round "2"]
[White "Von Herman, Ulf"]
[Black "Prusikin, Michael"]
[Result "1/2-1/2"]
[WhiteElo "2378"]
[BlackElo "2529"]
[EventDate "2009.02.06"]
[PlyCount "122"]

1. d4 Nf6 2. c4 g6 3. Nc3 Bg7 4. e4 d6 5. Bd3 O-O 6. Nge2 Nbd7 7. Bc2 a6 8. a4 e5 9. a5 exd4 10. Nxd4 Ne5 11. b3 c5 12. Nde2 Nc6 13. Bg5 h6 14. Bh4 Re8 15. O-O Nxa5 16. f4 Nc6 17. e5 dxe5 18. Qxd8 Rxd8 19. fxe5 Ng4 20. Bxd8 Nxd8 21. Be4 Bxe5 22. h3 Nf6 23. Ra5 Nxe4 24. Nxe4 Ne6 25. Nf6+ Kg7 26. Nd5 Bd7 27. Ndf4 Nxf4 28. Nxf4 Bc6 29. Nd5 Bd4+ 30. Kh1 Re8 31. Ra2 h5 32. Rd2 b5 33. Rdd1 bxc4 34. bxc4 Ba4 35. Rb1 Bc2 36. Rb7 Bf5 37. Nf4 h4 38. Ra7 Rb8 39. Ne2 Bd3 40. Rfxf7+ Kh6 41. Nxd4 cxd4 42. Rf4 Rd8 43. Rxh4+ Kg5 44. Rg4+ Kh6 45. Rf4 Bxc4 46. Rf2 d3 47. Rd2 Kg5 48. Re7 a5 49. g3 a4 50. Re5+ Kf6 51. Ra5 a3 52. Rxa3 Ke5 53. Kg1 Kd4 54. Kf2 Rf8+ 55. Ke1 Re8+ 56. Kf2 g5 57. Kf3 Re5 58. h4 gxh4 59. gxh4 Re4 60. Rh2 Re3+ 61. Kf4 Re4+ 1/2-1/2

[Event "GER-ch 80th"]
[Site "Saarbruecken"]
[Date "2009.02.07"]
[Round "2"]
[White "Wichmann, Cliff"]
[Black "Bischoff, Klaus"]
[Result "1/2-1/2"]
[WhiteElo "2389"]
[BlackElo "2545"]
[EventDate "2009.02.06"]
[PlyCount "47"]

1. d4 e6 2. e4 d5 3. Nc3 Bb4 4. exd5 exd5 5. Bd3 Nf6 6. Nge2 Nc6 7. a3 Be7 8. O-O Be6 9. f3 Qd7 10. Be3 h5 11. Qd2 Bf5 12. Rfe1 Bxd3 13. Qxd3 O-O-O 14. Na4 h4 15. b4 b6 16. Nc5 Bxc5 17. dxc5 h3 18. Qa6+ Kb8 19. b5 Na5 20. cxb6 cxb6 21. Bxb6 axb6 22. Qxb6+ Nb7 23. Nd4 Rde8 24. Nc6+ 1/2-1/2

[Event "GER-ch 80th"]
[Site "Saarbruecken"]
[Date "2009.02.07"]
[Round "2"]
[White "Wippermann, Till"]
[Black "Khenkin, Igor"]
[Result "0-1"]
[WhiteElo "2456"]
[BlackElo "2644"]
[EventDate "2009.02.06"]
[PlyCount "112"]

1. e4 Nf6 2. e5 Nd5 3. d4 d6 4. c4 Nb6 5. exd6 exd6 6. Nc3 Nc6 7. Be3 Be7 8. Bd3 O-O 9. Nge2 Nb4 10. b3 Bg5 11. O-O Bg4 12. Qd2 Bxe3 13. fxe3 Nxd3 14. Qxd3 Bxe2 15. Qxe2 Qe7 16. Rae1 Rae8 17. Qh5 g6 18. Qh6 c5 19. Qf4 f5 20. a4 a6 21. Qg3 Qf6 22. Qf4 Re6 23. Qf2 Rfe8 24. Re2 cxd4 25. exd4 Rxe2 26. Nxe2 Qe6 27. Nf4 Qe3 28. Qxe3 Rxe3 29. Rf3 Re4 30. d5 a5 31. h3 Nd7 32. Ne6 b6 33. Kf2 Nc5 34. Nxc5 bxc5 35. g4 fxg4 36. Rf6 gxh3 37. Rxd6 h2 38. Kg2 Re2+ 39. Kh1 g5 40. Rh6 Kg7 41. Rxh2 Rxh2+ 42. Kxh2 Kf6 43. Kg3 h5 44. Kh3 Ke5 45. Kg3 Kf5 46. Kh3 h4 47. Kg2 g4 48. Kh2 g3+ 49. Kh3 Kg5 50. Kg2 Kg4 51. d6 h3+ 52. Kh1 Kf3 53. d7 Kf2 54. d8=Q g2+ 55. Kh2 g1=Q+ 56. Kxh3 Qg3# 0-1

[Event "GER-ch 80th"]
[Site "Saarbruecken"]
[Date "2009.02.07"]
[Round "2"]
[White "Zude, Arno"]
[Black "Strache, Michael"]
[Result "1-0"]
[WhiteElo "2465"]
[BlackElo "2218"]
[EventDate "2009.02.06"]
[PlyCount "109"]

1. e4 e5 2. Nf3 Nc6 3. Bb5 Nf6 4. O-O Nxe4 5. d4 Nd6 6. Bxc6 dxc6 7. dxe5 Nf5 8. Qxd8+ Kxd8 9. Nc3 Bd7 10. h3 h6 11. b3 Ne7 12. Bb2 Ng6 13. Ne4 Kc8 14. Kh2 Nf4 15. Rad1 Bf5 16. Rfe1 Bb4 17. c3 Be7 18. Nd4 Bd7 19. g4 h5 20. Kg3 Ng6 21. Nf3 hxg4 22. hxg4 a5 23. Rh1 Rxh1 24. Rxh1 a4 25. c4 axb3 26. axb3 Ra2 27. Ra1 Rxa1 28. Bxa1 Kd8 29. Nfg5 Bxg5 30. Nxg5 Ke7 31. f4 c5 32. f5 Nxe5 33. Bxe5 f6 34. Kf4 fxg5+ 35. Kxg5 Kf7 36. Bxc7 b5 37. Kf4 bxc4 38. bxc4 g6 39. Ke5 gxf5 40. gxf5 Ba4 41. Bd8 Ke8 42. Bh4 Bc2 43. f6 Bg6 44. Kd6 Bf7 45. Kxc5 Kd7 46. Kb5 Kc7 47. Bg3+ Kb7 48. c5 Be8+ 49. Kc4 Kc6 50. Bd6 Bg6 51. Kd4 Kd7 52. Ke5 Bh5 53. Kf5 Bf7 54. Bf8 Be8 55. Be7 1-0

[Event "GER-ch 80th"]
[Site "Saarbruecken"]
[Date "2009.02.08"]
[Round "3"]
[White "Bastian, Herbert"]
[Black "Zelbel, Patrick"]
[Result "1-0"]
[WhiteElo "2361"]
[BlackElo "2294"]
[EventDate "2009.02.06"]
[PlyCount "103"]

1. e4 c5 2. Nc3 Nc6 3. g3 g6 4. Bg2 Bg7 5. d3 d6 6. Be3 Rb8 7. Qd2 b5 8. Nge2 Nd4 9. O-O b4 10. Nd1 e5 11. c3 bxc3 12. bxc3 Nxe2+ 13. Qxe2 Ne7 14. Qd2 O-O 15. Rc1 Be6 16. f4 exf4 17. Bxf4 Re8 18. d4 cxd4 19. cxd4 Qb6 20. Be3 d5 21. Nc3 Qd8 22. e5 Qd7 23. Bg5 Bf8 24. Rf2 Rec8 25. Rcf1 Rc4 26. Ne2 Nc6 27. Be3 Rbb4 28. Nf4 Bg7 29. Nd3 Ra4 30. Nc5 Rxc5 31. dxc5 Nxe5 32. Rb1 h5 33. Bh6 Nc4 34. Qg5 Be5 35. Re2 Qc7 36. Rbe1 Bd4+ 37. Kh1 Ra6 38. Rxe6 Rxe6 39. Rxe6 fxe6 40. Qxg6+ Kh8 41. Qxe6 Qe5 42. Qxe5+ Nxe5 43. Bf4 Nc6 44. Bd6 Nb4 45. Bf3 Kg7 46. a3 Na6 47. c6 Bb6 48. Bxh5 Kf6 49. Be2 Ke6 50. Bf4 Nc7 51. Kg2 d4 52. Bc4+ 1-0

[Event "GER-ch 80th"]
[Site "Saarbruecken"]
[Date "2009.02.08"]
[Round "3"]
[White "Bischoff, Klaus"]
[Black "Von Herman, Ulf"]
[Result "1-0"]
[WhiteElo "2545"]
[BlackElo "2378"]
[EventDate "2009.02.06"]
[PlyCount "71"]

1. Nf3 c5 2. c4 Nc6 3. d4 cxd4 4. Nxd4 Nf6 5. g3 g6 6. Bg2 Bg7 7. Nc2 d6 8. Nc3 Be6 9. b3 Qd7 10. h3 O-O 11. Bb2 Rfc8 12. Ne3 Rab8 13. Qd2 Nb4 14. Nb5 Nc6 15. Nc3 Nb4 16. Rc1 b6 17. Ned5 Nc6 18. Nf4 Bf5 19. g4 Be6 20. e3 a6 21. Ncd5 Ne8 22. Bxg7 Nxg7 23. O-O Qa7 24. Ne2 h5 25. gxh5 Nxh5 26. Kh2 Qd7 27. f4 Ng7 28. Rg1 Na7 29. Nd4 b5 30. e4 bxc4 31. bxc4 Bxd5 32. exd5 Rb6 33. Be4 e5 34. dxe6 Nxe6 35. Nxe6 Qxe6 36. Rxg6+ 1-0

[Event "GER-ch 80th"]
[Site "Saarbruecken"]
[Date "2009.02.08"]
[Round "3"]
[White "Braun, Arik"]
[Black "Fridman, Daniel"]
[Result "1-0"]
[WhiteElo "2550"]
[BlackElo "2647"]
[EventDate "2009.02.06"]
[PlyCount "39"]

1. d4 d5 2. c4 c6 3. Nf3 Nf6 4. Nc3 dxc4 5. a4 e6 6. e4 Bb4 7. e5 Ne4 8. Qc2 Qd5 9. Be2 c5 10. O-O Nxc3 11. bxc3 cxd4 12. cxd4 c3 13. Bd2 Qa5 14. Bxc3 Bxc3 15. Ra3 Nc6 16. Rxc3 Bd7 17. Rb1 Nb4 18. Qd2 Nc6 19. Rxb7 Nd8 20. Rxd7 1-0

[Event "GER-ch 80th"]
[Site "Saarbruecken"]
[Date "2009.02.08"]
[Round "3"]
[White "Buhmann, Rainer"]
[Black "Wichmann, Cliff"]
[Result "1-0"]
[WhiteElo "2565"]
[BlackElo "2389"]
[EventDate "2009.02.06"]
[PlyCount "27"]

1. Nf3 d5 2. d4 c5 3. c3 e6 4. e3 Nc6 5. Nbd2 Nf6 6. Bd3 Qc7 7. O-O b6 8. e4 Be7 9. Re1 cxd4 10. Nxd4 Nxd4 11. cxd4 dxe4 12. Nxe4 O-O 13. Nxf6+ Bxf6 14. Qh5 1-0

[Event "GER-ch 80th"]
[Site "Saarbruecken"]
[Date "2009.02.08"]
[Round "3"]
[White "Deglmann, Ludwig"]
[Black "Mehlhorn, Uwe"]
[Result "1-0"]
[WhiteElo "2325"]
[BlackElo "2151"]
[EventDate "2009.02.06"]
[PlyCount "121"]

1. d4 d6 2. Nf3 g6 3. c4 Bg7 4. e4 e5 5. Be2 Nc6 6. Be3 Bg4 7. d5 Bxf3 8. Bxf3 Nd4 9. Bxd4 exd4 10. Nd2 Nh6 11. O-O O-O 12. Nb3 Qf6 13. Rc1 c5 14. dxc6 bxc6 15. c5 Rfd8 16. Qd3 Rab8 17. Rfd1 dxc5 18. Rxc5 Bf8 19. Rc2 c5 20. Na5 Qb6 21. Nc4 Qe6 22. e5 Qa6 23. b3 Nf5 24. Re2 Ng7 25. Bg4 Ne6 26. Bxe6 Qxe6 27. f4 Qg4 28. Rf1 Bh6 29. Re4 Qe6 30. h3 Re8 31. Rfe1 Kf8 32. g4 f5 33. exf6 Qxf6 34. g5 Bxg5 35. fxg5 Qxg5+ 36. Kh2 Rxe4 37. Qxe4 Rd8 38. Ne5 d3 39. Rf1+ Kg7 40. Nxd3 Qd2+ 41. Nf2 Rf8 42. Qe5+ Kg8 43. Kg1 Qxa2 44. Qe6+ Kg7 45. Ng4 Rxf1+ 46. Kxf1 Qb1+ 47. Kg2 Qc2+ 48. Kg3 Qd3+ 49. Kh4 Qd8+ 50. Kg3 h5 51. Qe5+ Kh7 52. Nf6+ Kh6 53. Ne4 Kh7 54. h4 Qd3+ 55. Kf4 Qxb3 56. Qe7+ Kh8 57. Kg5 Qe3+ 58. Kxg6 Qg1+ 59. Ng5 Qb1+ 60. Kh6 Qb6+ 61. Ne6 1-0

[Event "GER-ch 80th"]
[Site "Saarbruecken"]
[Date "2009.02.08"]
[Round "3"]
[White "Gross, Georg"]
[Black "Oberhofer, Andre"]
[Result "1/2-1/2"]
[WhiteElo "2351"]
[BlackElo "2202"]
[EventDate "2009.02.06"]
[PlyCount "20"]

1. d4 d5 2. Nf3 Nf6 3. c4 e6 4. Nc3 Be7 5. Bg5 O-O 6. e3 Nbd7 7. Rc1 c6 8. Bd3 dxc4 9. Bxc4 Nd5 10. Bxe7 Qxe7 1/2-1/2

[Event "GER-ch 80th"]
[Site "Saarbruecken"]
[Date "2009.02.08"]
[Round "3"]
[White "Hort, Alexej"]
[Black "Hirneise, Jens"]
[Result "1-0"]
[WhiteElo "2232"]
[BlackElo "2325"]
[EventDate "2009.02.06"]
[PlyCount "123"]

1. e4 e5 2. Nc3 Nc6 3. Bc4 Nf6 4. d3 Bc5 5. Bg5 h6 6. Bh4 d6 7. Nge2 Be6 8. Bxe6 fxe6 9. Na4 Bb6 10. Nxb6 axb6 11. c3 O-O 12. f3 d5 13. O-O Qd7 14. b4 g5 15. Bg3 Nh5 16. b5 Nxg3 17. Nxg3 Na5 18. a4 Rad8 19. Qe2 d4 20. c4 Qe7 21. Qb2 Ra8 22. Qa3 Kf7 23. Qxe7+ Kxe7 24. Rfb1 Kd6 25. h3 Kc5 26. Kf2 Rf7 27. Ke2 Raf8 28. Rb2 Rf4 29. Nh5 Rh4 30. Ng3 h5 31. Rh1 Rh8 32. Nf1 Rf4 33. g3 Rff8 34. h4 Rhg8 35. hxg5 Rxg5 36. Kf2 Ra8 37. Nd2 Rag8 38. Rh3 h4 39. g4 Rh8 40. Nb1 Rg7 41. Na3 Rgh7 42. Nb1 Kd6 43. Nd2 Ke7 44. Rb1 Kd6 45. Ke2 Kc5 46. f4 Kd6 47. f5 Rg8 48. Rg1 Rf7 49. Kf2 Rh7 50. Kf3 Rf7 51. Rg2 Kc5 52. Rxh4 Kb4 53. Rh6 Kc3 54. Rxe6 Kxd3 55. Rxe5 Nxc4 56. Nxc4 Kxc4 57. g5 Rd7 58. Rd5 Rxd5 59. exd5 d3 60. Kf4 Kc3 61. f6 Rf8 62. Kf5 1-0

[Event "GER-ch 80th"]
[Site "Saarbruecken"]
[Date "2009.02.08"]
[Round "3"]
[White "Jorczik, Julian Marcel"]
[Black "Mueller, Hans Georg"]
[Result "1/2-1/2"]
[WhiteElo "2381"]
[BlackElo "2250"]
[EventDate "2009.02.06"]
[PlyCount "139"]

1. d4 d6 2. e4 Nf6 3. Nc3 g6 4. h3 Bg7 5. Be3 Nc6 6. Nf3 O-O 7. Be2 e5 8. dxe5 dxe5 9. Bc4 Qe7 10. Qe2 h6 11. O-O Na5 12. Bd3 Rd8 13. Rfd1 Nc6 14. Bb5 Nd4 15. Nxd4 exd4 16. Rxd4 Rxd4 17. Bxd4 c6 18. Bd3 Qb4 19. Bxf6 Bxf6 20. Nd1 Bd7 21. c3 Qa5 22. Qf3 Kg7 23. Ne3 h5 24. Nc4 Qc7 25. Qe3 b5 26. e5 Be7 27. Nd2 Rd8 28. Bc2 a5 29. a4 Be6 30. Nf3 b4 31. cxb4 axb4 32. Bb3 Bxb3 33. Qxb3 c5 34. Qc4 Ra8 35. b3 Qd8 36. h4 Ra7 37. Kh2 Qb8 38. Kh1 Qa8 39. Rd1 Qc8 40. Ra1 Qd8 41. Kg1 Qc7 42. Rd1 Qc8 43. g3 Qh3 44. Re1 Qf5 45. Kg2 Rd7 46. Re4 Rd1 47. Qe2 Rb1 48. Re3 Qe6 49. Qd3 Rc1 50. Nd2 Rd1 51. Kh2 Qc6 52. Qe4 Qxe4 53. Nxe4 c4 54. bxc4 Ra1 55. Nd2 Rxa4 56. Nb3 Ra2 57. Kg2 Rc2 58. Na5 Bc5 59. Rf3 Kg8 60. Nb3 Bb6 61. c5 Bxc5 62. Nxc5 Rxc5 63. Rb3 Rc4 64. Kf3 Kf8 65. Ke3 Ke7 66. Kd3 Rg4 67. Kd2 Rc4 68. Kd3 Rg4 69. Kd2 Rc4 70. Kd3 1/2-1/2

[Event "GER-ch 80th"]
[Site "Saarbruecken"]
[Date "2009.02.08"]
[Round "3"]
[White "Khenkin, Igor"]
[Black "Hausrath, Daniel"]
[Result "1/2-1/2"]
[WhiteElo "2644"]
[BlackElo "2493"]
[EventDate "2009.02.06"]
[PlyCount "81"]

1. d4 Nf6 2. c4 g6 3. Nc3 Bg7 4. e4 d6 5. f3 O-O 6. Be3 c5 7. dxc5 dxc5 8. Qxd8 Rxd8 9. Bxc5 Nc6 10. Nge2 b6 11. Ba3 e6 12. Rd1 Ba6 13. Nb5 Rxd1+ 14. Kxd1 Rd8+ 15. Kc2 Bh6 16. Nec3 Nh5 17. Kb1 Bxb5 18. cxb5 Ne5 19. Be7 Rd7 20. Bh4 Be3 21. Be1 Nf4 22. Kc2 g5 23. Nd1 Bd4 24. Bd2 f6 25. g3 Nfg6 26. Be2 Rc7+ 27. Nc3 Nc4 28. Bxc4 Rxc4 29. Kb3 Rc5 30. Na4 Rc7 31. Bc3 Bxc3 32. Nxc3 Ne5 33. Rf1 Rd7 34. Kc2 g4 35. fxg4 Nxg4 36. Rf4 Ne3+ 37. Kb3 Kg7 38. h3 Rd2 39. Rf3 Nc2 40. Rf4 Na1+ 41. Ka3 1/2-1/2

[Event "GER-ch 80th"]
[Site "Saarbruecken"]
[Date "2009.02.08"]
[Round "3"]
[White "Markgraf, Alexander"]
[Black "Heinig, Wolfram"]
[Result "1/2-1/2"]
[WhiteElo "2463"]
[BlackElo "2328"]
[EventDate "2009.02.06"]
[PlyCount "59"]

1. e4 c6 2. d4 d5 3. e5 Bf5 4. Nf3 e6 5. Be2 c5 6. Be3 cxd4 7. Nxd4 Ne7 8. c4 Nbc6 9. Qa4 a6 10. Nc3 dxc4 11. O-O-O Qa5 12. Qxa5 Nxa5 13. Nxf5 Nxf5 14. Bb6 Nc6 15. f4 Rc8 16. Bxc4 Bb4 17. Bb3 Ba5 18. Bf2 h5 19. Kb1 Bxc3 20. bxc3 Na5 21. Bb6 Nxb3 22. axb3 O-O 23. Rd3 Rc6 24. Bd8 Rc8 25. Rhd1 Ne3 26. Rxe3 Rfxd8 27. Red3 Rxd3 28. Rxd3 Rc7 29. Kc2 Kf8 30. c4 1/2-1/2

[Event "GER-ch 80th"]
[Site "Saarbruecken"]
[Date "2009.02.08"]
[Round "3"]
[White "Mueller, Reinhold"]
[Black "Wippermann, Till"]
[Result "1/2-1/2"]
[WhiteElo "2229"]
[BlackElo "2456"]
[EventDate "2009.02.06"]
[PlyCount "63"]

1. d4 Nf6 2. c4 e6 3. Nf3 d5 4. g3 dxc4 5. Bg2 Nc6 6. O-O Rb8 7. e3 b5 8. b3 cxb3 9. axb3 Bb7 10. Qe2 a6 11. Rd1 Be7 12. Ne5 Nb4 13. Bxb7 Rxb7 14. Ba3 Rb6 15. Bxb4 Bxb4 16. Rxa6 Qd5 17. Nd3 Rxa6 18. Nxb4 Qb7 19. Nxa6 Qxa6 20. Nc3 c6 21. Qb2 O-O 22. Ra1 Qb6 23. Qa2 c5 24. dxc5 Qxc5 25. Qa5 Ng4 26. Nxb5 Qh5 27. h4 Qf5 28. Ra2 Qb1+ 29. Kg2 Qe4+ 30. Kg1 Qb1+ 31. Kg2 Qe4+ 32. Kg1 1/2-1/2

[Event "GER-ch 80th"]
[Site "Saarbruecken"]
[Date "2009.02.08"]
[Round "3"]
[White "Prusikin, Michael"]
[Black "Tabatt, Hendrik"]
[Result "1-0"]
[WhiteElo "2529"]
[BlackElo "2322"]
[EventDate "2009.02.06"]
[PlyCount "51"]

1. d4 d5 2. c4 dxc4 3. Nf3 Nf6 4. e3 g6 5. Bxc4 Bg7 6. O-O O-O 7. Nc3 Nc6 8. h3 Qd6 9. e4 e5 10. d5 Qc5 11. Bb3 Nd4 12. Be3 Nh5 13. Rc1 Qb4 14. Bxd4 exd4 15. Ne2 Qe7 16. Nexd4 Qxe4 17. Rxc7 Rd8 18. d6 Bd7 19. Bxf7+ Kh8 20. Re1 Qf4 21. Ne6 Bxe6 22. Rxe6 Bf8 23. Bxg6 hxg6 24. Ne5 Qf5 25. Nxg6+ Kg8 26. Qb3 1-0

[Event "GER-ch 80th"]
[Site "Saarbruecken"]
[Date "2009.02.08"]
[Round "3"]
[White "Stahr, Ralf Peter"]
[Black "Mayer, Frank1"]
[Result "0-1"]
[WhiteElo "2158"]
[BlackElo "2331"]
[EventDate "2009.02.06"]
[PlyCount "106"]

1. c4 e6 2. Nc3 d5 3. cxd5 exd5 4. d4 Be7 5. Bf4 Nf6 6. e3 O-O 7. Bd3 c5 8. Nge2 Nc6 9. dxc5 Bxc5 10. Bg5 h6 11. Bh4 d4 12. exd4 Nxd4 13. O-O Bg4 14. Re1 Re8 15. Kf1 Qd6 16. Bg3 Qd7 17. Qa4 Nxe2 18. Bxe2 Rxe2 19. Rxe2 Bxe2+ 20. Kxe2 Re8+ 21. Kf1 Qd3+ 22. Kg1 Qd2 23. Qd1 Qxb2 24. Na4 Qd4 25. Nxc5 Qxc5 26. Rc1 Qd5 27. Qc2 Ne4 28. Re1 Re6 29. Qc8+ Kh7 30. Qc2 g6 31. Qc7 Kg7 32. Bf4 Qc5 33. Qxc5 Nxc5 34. Rxe6 Nxe6 35. Be5+ Kf8 36. f3 Ke7 37. Kf2 b5 38. Ke3 Kd7 39. Bb8 a5 40. Ke4 Kc6 41. h4 b4 42. Be5 f5+ 43. Ke3 Kd5 44. Bf6 Kc4 45. g4 Nc7 46. Kd2 Nd5 47. Bd8 fxg4 48. fxg4 a4 49. Kc1 a3 50. Kb1 b3 51. axb3+ Kxb3 52. Ba5 a2+ 53. Ka1 Ne3 0-1

[Event "GER-ch 80th"]
[Site "Saarbruecken"]
[Date "2009.02.08"]
[Round "3"]
[White "Strache, Michael"]
[Black "Siebrecht, Sebastian"]
[Result "0-1"]
[WhiteElo "2218"]
[BlackElo "2440"]
[EventDate "2009.02.06"]
[PlyCount "28"]

1. e4 c5 2. Nf3 g6 3. d4 cxd4 4. Qxd4 Nf6 5. e5 Nc6 6. Qh4 Nxe5 7. Nxe5 Qa5+ 8. Nc3 Qxe5+ 9. Be2 Bg7 10. Bf4 Qa5 11. O-O-O O-O 12. g4 d6 13. g5 Nd7 14. Rd5 Nc5 0-1